Movies Quiz

Random Movies Quiz

Lee Evans Films Quiz Stats

Quiz not verified by Sporcle

Also try: Movie Musicals II
Challenge
Share
Tweet
Embed
Score 0/11 Timer 08:00
0 Plays Today
Hint Answer % Correct
He played Tucker in 1999 with Cameron Diaz and Ben StillerThere's Something About Mary
87%
He played Lars Smuntz in 1997 with Nathan Lane and Vicki LewisMousehunt
78.3%
He played Fog in 1997 with Bruce Willis and Milla JovovichThe Fifth Element
60.9%
He played Jack Parker in 1995 with Jerry Lewis and Oliver PlattFunny Bones
56.5%
He played Arthur Watson in 2003 with Jackie Chan and Claire ForlaniThe Medallion
56.5%
He played Robert Martyn in 2001 with Kathy Burke and Paddy ConsidineThe Martins
52.2%
He voiced the Train in 2005 with Robbie Williams and Ian McKellenThe Magic Roundabout
47.8%
He played Sean Veil in 2004 with Ian McNeice and Colin SalmonFreeze Frame
34.8%
He played Delbert Butterfield in 2002 with Brenda Blethyn and Alfred MolinaPlotz with a View
21.7%
He played Barney in 2000 with Tim Meadows and Karyn ParsonsThe Ladies' Man
13%
He played Toadie in 2003 with Chevy Chase and Clive SwiftVacuums
13%

You're not logged in!

Compare scores with friends on all Sporcle quizzes.
Sign Up with Email
OR
Log In

You Might Also Like...

Show Comments

Extras

Top Quizzes Today


Score Distribution

Your Account Isn't Verified!

In order to create a playlist on Sporcle, you need to verify the email address you used during registration. Go to your Sporcle Settings to finish the process.

Report this User

Report this user for behavior that violates our Community Guidelines.

Details: